Costa Rica: una economía en recuperación. Informe anual de la Academia de Centroamérica sobre la evolución de la economía costarricense durante 1998 /

में बचाया:
ग्रंथसूची विवरण
मुख्य लेखक: Jiménez, Ronulfo
स्वरूप: अज्ञात
प्रकाशित: San José: Academia de Centroamérica; CINDE
विषय:
टैग: टैग जोड़ें
कोई टैग नहीं, इस रिकॉर्ड को टैग करने वाले पहले व्यक्ति बनें!

MARC

LEADER 00000 a2200000 04500
001 10984
003
008 991231s d
040 |a CRAI/IIS  |c CRAI/IIS 
090 |a 138007  
100 |a Jiménez, Ronulfo  
245 |a Costa Rica: una economía en recuperación. Informe anual de la Academia de Centroamérica sobre la evolución de la economía costarricense durante 1998 /  |c Ronulfo Jiménez  
260 |a San José:   |b Academia de Centroamérica; CINDE  
300 |a xvi, 212 p.  
650 |a MONEDAS  
650 |a TIPO DE CAMBIO  
650 |a CRISIS  
650 |a INFLACION  
650 |a DEFICIT FISCAL  
999 |c 4383  |d 4383